Electroionite processes in two-phase exchange systems; Физико-технические проблемы в науке, промышленности и медицине

מידע ביבליוגרפי
Parent link:Физико-технические проблемы в науке, промышленности и медицине.— 2015.— [С. 148-149]
מחבר ראשי: Dorofeeva (Dorofeyeva) L. I. Liudmila Ivanovna
מחבר תאגידי: Национальный исследовательский Томский политехнический университет
מחברים אחרים: Orekhov D. V.
סיכום:Заглавие с титульного экрана
שפה:אנגלית
יצא לאור: 2015
סדרה:Физико-химические и изотопные технологии в науке, промышленности и медицине
נושאים:
גישה מקוונת:http://earchive.tpu.ru/handle/11683/17649
http://www.lib.tpu.ru/fulltext/c/2015/C49/118.pdf
פורמט: MixedMaterials אלקטרוני Book Chapter
KOHA link:https://koha.lib.tpu.ru/cgi-bin/koha/opac-detail.pl?biblionumber=612711

MARC

LEADER 00000naa2a2200000 4500
001 612711
005 20250506135058.0
035 |a (RuTPU)RU\TPU\conf\10842 
035 |a RU\TPU\conf\10840 
090 |a 612711 
100 |a 20150624d2015 k y0rusy50 ba 
101 0 |a eng 
102 |a RU 
105 |a y z 101zy 
135 |a drgn ---uucaa 
181 0 |a i  
182 0 |a b 
200 1 |a Electroionite processes in two-phase exchange systems  |f L. I. Dorofeeva (Dorofeyeva), D. V. Orekhov 
203 |a Текст  |c электронный 
225 1 |a Физико-химические и изотопные технологии в науке, промышленности и медицине 
300 |a Заглавие с титульного экрана 
320 |a [Библиогр.: с. 149 (5 назв.)] 
337 |a Adobe Reader 
463 0 |0 (RuTPU)RU\TPU\conf\10637  |t Физико-технические проблемы в науке, промышленности и медицине  |o сборник тезисов докладов VII Международной научно-практической конференции, г. Томск, 3-6 июня 2015 г.  |f Национальный исследовательский Томский политехнический университет (ТПУ) ; под ред. А. Н. Дьяченко [и др.]  |v [С. 148-149]  |d 2015 
610 1 |a труды учёных ТПУ 
610 1 |a электронный ресурс 
610 1 |a ионный обмен 
610 1 |a сорбция 
610 1 |a атомная отрасль 
700 1 |a Dorofeeva (Dorofeyeva)  |b L. I.  |c Physicist  |c Associate Professor of Tomsk Polytechnic University, Candidate of physical and mathematical sciences  |f 1969-  |g Liudmila Ivanovna  |3 (RuTPU)RU\TPU\pers\34946  |9 18264 
701 1 |a Orekhov  |b D. V. 
712 0 2 |a Национальный исследовательский Томский политехнический университет  |c (2009- )  |9 26305 
801 2 |a RU  |b 63413507  |c 20210210  |g RCR 
850 |a 63413507 
856 4 |u http://earchive.tpu.ru/handle/11683/17649 
856 4 |u http://www.lib.tpu.ru/fulltext/c/2015/C49/118.pdf 
942 |c BK